000 01396nam a2200301 i 4500
001 189249
003 SpMaBN
005 20251014063306.0
008 190430s2017 sp a c |||| |dspa d
020 _a978-84-16978-23-6
080 _a74 Max (083.824)
080 _a741.52
100 0 _aMax,
_d1956-
_9166945
245 1 4 _aLas aventuras de Guillermo & Miguel y otros trampantojos literarios
_b: [Sala de Exposiciones de San José de los Caracciolos, Universidad de Alcalá, 20 abril-14 julio, 2017] /
_cMax ; [coordinación de exposición, Jesús Cañete Ochoa ; textos, Manuel Rodríguez Rivero, Antonio Fernández Ferrer].
246 3 3 _aLas aventuras de Guillermo y Miguel y otros trampantojos literarios
260 _a[Alcalá de Henares] :
_bUniversidad de Alcalá,
_c[2017]
300 _a94 p. :
_bil. col. ;
_c19 x 27.
600 0 7 _aMax,
_d1956-
_vExposiciones
_2
_9166946
650 7 _aCómics-
_vExposiciones
_2
_9166947
655 7 _2tgfbne
_9193628
_aCatálogos de exposiciones
700 1 _aCañete Ochoa, Jesús,
_d1967-
_9157453
700 1 _aRodríguez Rivero, Manuel.
_9140886
700 1 _aFernández Ferrer, Antonio,
_d1952-
_9166948
710 2 _aUniversidad de Alcalá de Henares.
_97135
852 _aES-MaACL
_jA-14539
_9196387
_bR.152114
_cDEPO1
_dOlim: N-7539
_hDonacion: Editorial
_x Encuadernación en cartoné
942 _2udc
999 _c189249
_d189249